| 000 | 01260nam a2200325 c 4500 | ||
|---|---|---|---|
| 003 | BLK | ||
| 005 | 20180420215937.0 | ||
| 008 | 180413b bul|||||r ||||||| ||bul|| | ||
| 010 | _aKNG00027134000 | ||
| 020 |
_a954-528-120-0 _bиздат.: Труд |
||
| 040 | _aBLK | ||
| 041 |
_aBUL _cBUL |
||
| 080 |
_a _b343.22/.23 _x(470) _z343.22/.23(470) |
||
| 080 |
_aВътрешна политика. Вж и 329 _b323 _x(470) _z323(470) |
||
| 100 | 1 |
_aМаксимов, Александър А. _eпърви автор _9267745 |
|
| 700 | 1 |
_aГригорова, Венедикта _eпрев. от рус. _9267746 |
|
| 139 |
_aМаксимов, Александър А. _bМ 19 |
||
| 245 | 1 | 0 |
_aБандитска Русия _bДемократ. ценности и бандитските закони _cАлександър А. Максимов; прев. от рус. Венедикта Григорова. |
| 257 | _aRUS | ||
| 260 |
_аСофия _bТруд _c1999 _fСофия : Д. Благоев |
||
| 300 |
_a288 с. _c22 см |
||
| 380 | _a3 | ||
| 490 | 1 | _aПоредица Строго секретно | |
| 653 | _aРусия | ||
| 852 | _aЦб 200680 | ||
| 856 | 4 |
_qpdf _u |
|
| 856 | 4 |
_qpdf _u |
|
| 942 |
_cKNG _n0 |
||
| 944 |
_aCR _c10.04.2003 _kAB_DOS |
||
| 944 |
_aED _c10.04.2003 _k |
||
| 999 |
_c24617 _d24617 |
||